[Event "14th Dubai Open 2012"]
[Site "Dubai UAE"]
[Date "2012.04.17"]
[Round "3.9"]
[White "Amin, Bassem"]
[Black "Swapnil, S. Dhopade"]
[Result "1/2-1/2"]
[WhiteTitle "GM"]
[BlackTitle "IM"]
[WhiteElo "2608"]
[BlackElo "2426"]
[WhiteFideId "10601457"]
[BlackFideId "5019184"]
[EventDate "2012.04.15"]

1. e4 c6 2. d4 d5 3. exd5 cxd5 4. c4 Nf6 5. Nc3 Nc6 6. Bg5 dxc4 7. Bxc4 h6 8.
Be3 e6 9. Nf3 Be7 10. O-O O-O 11. Qd2 Bd6 12. Rad1 Ne7 13. Ne5 Nf5 14. Rfe1 Bd7
15. Bf4 Nh5 16. d5 Nxf4 17. Qxf4 exd5 18. Bxd5 Qc7 19. Nb5 Bxb5 20. Qxf5 Bxe5
21. Rxe5 Bd3 22. Qf4 Rae8 23. Rde1 Rxe5 24. Qxe5 Qxe5 25. Rxe5 Rc8 26. g4 Rc7
27. Re3 Bb5 28. Rb3 Rc1+ 29. Kg2 Bc4 30. Bxc4 Rxc4 31. Rxb7 Rxg4+ 32. Kf3 Ra4
33. a3 g5 34. Rc7 Kg7 35. Rc3 Rf4+ 36. Kg2 a5 37. b3 Rd4 38. h3 Kg6 39. Rc6+ f6
40. Rb6 Rd3 41. a4 h5 42. Rb5 1/2-1/2

[Event "14th Dubai Open 2012"]
[Site "Dubai UAE"]
[Date "2012.04.17"]
[Round "3.11"]
[White "Pantsulaia, Levan"]
[Black "Sergeyeva, Mariya"]
[Result "1-0"]
[WhiteTitle "GM"]
[BlackTitle "WGM"]
[WhiteElo "2595"]
[BlackElo "2327"]
[WhiteFideId "13602071"]
[BlackFideId "13701037"]
[EventDate "2012.04.15"]

1. c4 g6 2. g3 Bg7 3. Bg2 Nf6 4. Nf3 c6 5. Qc2 d5 6. b3 Bf5 7. d3 e5 8. O-O e4
9. Nd4 Ng4 10. Bb2 O-O 11. dxe4 dxe4 12. e3 Na6 13. Bc3 Nc5 14. Nxf5 gxf5 15.
Bxg7 Kxg7 16. Nc3 Qf6 17. Rad1 Rad8 18. Ne2 Rxd1 19. Rxd1 Kg8 20. Bh3 Ne5 21.
Nd4 Ng4 22. Qe2 h5 23. f3 exf3 24. Qxf3 Ne4 25. Bxg4 hxg4 26. Qxf5 Qxf5 27. Nxf5
Re8 28. Nh6+ Kg7 29. Nxg4 Nc3 30. Rd7 Nxa2 31. Rxb7 Nc1 32. Kf2 Kg6 33. Kf3 a5
34. Nf2 Re6 35. e4 Rd6 36. Ke3 Na2 37. e5 Rd8 38. Nd3 Nc3 39. Nf4+ Kf5 40. Rxf7+
Kxe5 41. Ra7 Nd1+ 42. Kf3 Rd2 43. Rxa5+ Kd4 44. h4 Rb2 45. Ne2+ Kd3 46. Ra2 Rb1
47. h5 Nb2 48. h6 Kc2 49. Kg2 1-0

[Event "14th Dubai Open 2012"]
[Site "Dubai UAE"]
[Date "2012.04.17"]
[Round "3.12"]
[White "Mirzoeva, Elmira"]
[Black "Sandipan, Chanda"]
[Result "0-1"]
[WhiteTitle "WGM"]
[BlackTitle "GM"]
[WhiteElo "2258"]
[BlackElo "2595"]
[WhiteFideId "4127951"]
[BlackFideId "5004225"]
[EventDate "2012.04.15"]

1. d4 Nf6 2. c4 c5 3. d5 b5 4. cxb5 a6 5. b6 d6 6. Nc3 Nbd7 7. e4 g6 8. a4 Qxb6
9. a5 Qc7 10. Nf3 Bg7 11. Be2 O-O 12. O-O Bb7 13. Nd2 e6 14. Nc4 exd5 15. exd5
Rad8 16. Bf4 Ne5 17. Ne3 Nfd7 18. Bg3 f5 19. f4 Nf7 20. Nc4 Rde8 21. Bf3 Nf6 22.
Qd3 Re7 23. Rfe1 Rfe8 24. Rxe7 Rxe7 25. Re1 Rxe1+ 26. Bxe1 Qe7 27. Qe3 Ne4 28.
Qe2 Bxc3 29. bxc3 Bxd5 30. Nb6 Bb7 31. c4 Qf6 32. h3 Qd4+ 33. Kh2 Nd8 34. g4 Ne6
35. Bg3 Qc3 36. Bxe4 Bxe4 37. Nd5 Qa1 38. Be1 Nd4 39. Nf6+ Kf7 0-1

[Event "14th Dubai Open 2012"]
[Site "Dubai UAE"]
[Date "2012.04.17"]
[Round "3.13"]
[White "Kravtsiv, Martyn"]
[Black "Ayyad, Husain"]
[Result "1-0"]
[WhiteTitle "GM"]
[BlackTitle "FM"]
[WhiteElo "2588"]
[BlackElo "2223"]
[WhiteFideId "14113147"]
[BlackFideId "11200243"]
[EventDate "2012.04.15"]

1. e4 e5 2. Nf3 Nc6 3. Nc3 Nf6 4. g3 d5 5. exd5 Nxd5 6. Bg2 Nxc3 7. bxc3 Bd6 8.
O-O O-O 9. d3 Bg4 10. Rb1 Qd7 11. Rxb7 Rab8 12. Rxb8 Rxb8 13. Qe1 f6 14. Nd2 Be6
15. Nb3 a5 16. Qe3 Bf7 17. a4 Ne7 18. Qa7 Qc8 19. c4 c6 20. Bd2 Ra8 21. Qe3 Bc7
22. Rb1 Qd8 23. Qe1 Bb6 24. Kh1 h5 25. Be3 Bc7 26. Nc5 Rb8 27. Na6 Rxb1 28. Qxb1
Nf5 29. Bc5 Bd6 30. Qb6 Qxb6 31. Bxb6 Nd4 32. c3 Nb3 33. Bxc6 Ba3 34. c5 Kf8 35.
Bf3 Ke7 36. c6 Bd6 37. c7 1-0

[Event "14th Dubai Open 2012"]
[Site "Dubai UAE"]
[Date "2012.04.17"]
[Round "3.15"]
[White "Iordachescu, Viorel"]
[Black "Roy Chowdhury, Saptarshi"]
[Result "1-0"]
[WhiteTitle "GM"]
[BlackTitle "IM"]
[WhiteElo "2644"]
[BlackElo "2405"]
[WhiteFideId "13900200"]
[BlackFideId "5002974"]
[EventDate "2012.04.15"]

1. e4 c5 2. Nf3 Nc6 3. d4 cxd4 4. Nxd4 e5 5. Nb5 d6 6. N1c3 a6 7. Na3 Be7 8. Be3
Nf6 9. Nc4 b5 10. Nb6 Rb8 11. Nxc8 Qxc8 12. a4 b4 13. Nd5 O-O 14. Nxe7+ Nxe7 15.
Qxd6 Ng6 16. Qc5 Qd7 17. Qa7 Qc8 18. Qxa6 Qxc2 19. Bd3 Qxb2 20. O-O Nf4 21. Bc4
Ra8 22. Qb7 Rab8 23. Bxf7+ Kh8 24. Qe7 Nxe4 25. a5 Ne2+ 26. Kh1 Nd4 27. Qxe5
Rbd8 28. Qxe4 Rxf7 29. a6 Qc2 30. Qh4 Nc6 31. a7 Ra8 32. Rfc1 Qg6 33. Qc4 1-0

[Event "14th Dubai Open 2012"]
[Site "Dubai UAE"]
[Date "2012.04.17"]
[Round "3.16"]
[White "Akshayraj, Kore"]
[Black "Gupta, Abhijeet"]
[Result "1/2-1/2"]
[WhiteTitle "IM"]
[BlackTitle "GM"]
[WhiteElo "2422"]
[BlackElo "2643"]
[WhiteFideId "5012414"]
[BlackFideId "5010608"]
[EventDate "2012.04.15"]

1. c4 Nf6 2. b3 g6 3. Bb2 Bg7 4. Nf3 O-O 5. e3 b6 6. Be2 Bb7 7. O-O c5 8. d3 d6
9. Qc2 Nbd7 10. Nbd2 e6 11. Bc3 Qe7 12. Rfe1 Nh5 13. Bxg7 Nxg7 14. d4 e5 15.
dxe5 dxe5 16. Ne4 f5 17. Nc3 e4 18. Nd2 Ne5 19. Nd5 Bxd5 20. cxd5 Ne8 21. a4 a5
22. Nc4 Nxc4 23. bxc4 Rd8 24. Rab1 Rd6 25. f4 g5 26. Rf1 g4 27. Qc3 Nc7 28. Rfd1
Na6 29. Rd2 Nb4 30. Bf1 Re8 31. Rbd1 Qd7 32. Ra1 Qg7 33. Qxg7+ Kxg7 34. Rb1 Kf7
35. Rb3 Ke7 36. Kf2 Rh6 37. Kg1 Kd6 38. Be2 Kc7 39. Ra3 Rd8 40. Rb3 Rdd6 41.
Rbb2 Rh4 42. Bf1 Rdh6 43. g3 R4h5 44. Rb3 Rg6 45. Rdb2 Rhh6 46. Rd2 Rg7 47. Rbb2
Rhg6 48. Rb1 h5 49. Ra1 Rh7 50. Rb1 h4 51. Rbd1 Rgh6 52. Bg2 Kd6 53. Rb1 Rh8 54.
Rb3 R6h7 55. Rb1 Rh6 56. Rb3 Kc7 57. Rb1 Rd6 58. Ra1 Rdh6 59. Ra3 Ra8 60. Bf1
Rh7 61. Ra1 Kd6 62. Bg2 Nd3 63. Rb1 Rb8 64. Ra1 Ra7 65. Bf1 Nb4 66. Ra3 Rh8 67.
Bg2 Nd3 68. Ra1 hxg3 69. hxg3 Nb4 70. Rb2 Rah7 71. Rd2 Kc7 72. Rb2 Rh6 73. Rd2
Nd3 74. Rda2 1/2-1/2

[Event "14th Dubai Open 2012"]
[Site "Dubai UAE"]
[Date "2012.04.17"]
[Round "3.19"]
[White "Ganguly, Surya Shekhar"]
[Black "Ahmadinia, Ebrahim"]
[Result "1/2-1/2"]
[WhiteTitle "GM"]
[BlackTitle "IM"]
[WhiteElo "2633"]
[BlackElo "2379"]
[WhiteFideId "5002150"]
[BlackFideId "12501891"]
[EventDate "2012.04.15"]

1. d4 Nf6 2. c4 g6 3. Nc3 Bg7 4. e4 d6 5. f3 O-O 6. Nge2 c5 7. Be3 Nc6 8. d5 Ne5
9. Ng3 e6 10. Be2 exd5 11. cxd5 h5 12. O-O Nh7 13. Qd2 a6 14. a4 h4 15. Nh1 f5
16. Nf2 Qf6 17. exf5 gxf5 18. Nh3 Ng6 19. f4 Bd7 20. a5 Rfb8 21. Kh1 b5 22. axb6
Rxb6 23. Ra2 a5 24. Nf2 Qd8 25. Rg1 Nf6 26. g4 fxg4 27. Nxg4 Bf5 28. Nh6+ Bxh6
29. Bd3 Qd7 30. Qc2 Bg4 31. h3 Bh5 32. Kh2 Qe8 33. Bd2 Kh7 34. Raa1 Qf7 35. Rae1
Rg8 36. Re6 Rb4 37. Ne2 Nxd5 38. f5 Ngf4 39. Nxf4 Bxf4+ 40. Bxf4 Nxf4 41. f6+
Nxd3 42. Qxd3+ Bg6 43. Qd5 Rxb2+ 44. Kh1 Kh8 45. Rg4 Bh7 46. Rg7 Rxg7 47. fxg7+
Qxg7 48. Re8+ Bg8 49. Qh5+ Qh7 50. Rxg8+ Kxg8 51. Qe8+ Kg7 52. Qe7+ Kg6 53. Qe4+
Kg7 54. Qe7+ Kh6 55. Qxh4+ Kg6 56. Qe4+ 1/2-1/2

[Event "14th Dubai Open 2012"]
[Site "Dubai UAE"]
[Date "2012.04.17"]
[Round "3.20"]
[White "Mohannad, Farhan"]
[Black "Zhou, Weiqi"]
[Result "0-1"]
[WhiteTitle "FM"]
[BlackTitle "GM"]
[WhiteElo "2286"]
[BlackElo "2628"]
[WhiteFideId "8100918"]
[BlackFideId "8601674"]
[EventDate "2012.04.15"]

1. d4 Nf6 2. c4 c5 3. d5 b5 4. cxb5 a6 5. bxa6 Bxa6 6. Nc3 d6 7. f4 g6 8. Nf3
Bg7 9. e4 Bxf1 10. Rxf1 O-O 11. e5 Nfd7 12. e6 fxe6 13. Ng5 Qa5 14. Nxe6 Na6 15.
Nxf8 Rxf8 16. Rf3 Nb4 17. Qe2 Rf7 18. Kf1 Nf6 19. g3 Nfxd5 20. Nxd5 Nxd5 21. Bd2
Qa8 22. Bc1 Bd4 23. a4 e5 24. Raa3 exf4 25. gxf4 Kh8 26. Kg2 Re7 27. Qc4 Re1 28.
h3 Qe8 29. a5 Rg1+ 30. Kh2 Qe1 31. Be3 Rh1+ 32. Kg2 Nxe3+ 33. Rfxe3 Qg1+ 34. Kf3
Rxh3+ 35. Ke4 Rxe3+ 36. Rxe3 Qxe3+ 37. Kd5 Qxf4 38. Kc6 Qf8 39. a6 d5 40. Qe2
Qa8+ 41. Kd7 c4 42. Qd2 Qa7+ 43. Ke8 Kg7 44. Qb4 Qf7+ 45. Kd8 Qf8+ 46. Qxf8+
Kxf8 47. Kd7 g5 48. Kd6 g4 49. Kxd5 g3 0-1

[Event "14th Dubai Open 2012"]
[Site "Dubai UAE"]
[Date "2012.04.18"]
[Round "4.3"]
[White "Sandipan, Chanda"]
[Black "Mchedlishvili, Mikheil"]
[Result "1/2-1/2"]
[WhiteTitle "GM"]
[BlackTitle "GM"]
[WhiteElo "2595"]
[BlackElo "2626"]
[WhiteFideId "5004225"]
[BlackFideId "13600966"]
[EventDate "2012.04.15"]

1. d4 Nf6 2. Nf3 e6 3. e3 b6 4. Bd3 Bb7 5. O-O d5 6. b3 c5 7. Bb2 cxd4 8. exd4
Bd6 9. Nbd2 O-O 10. Qe2 a5 11. a3 Ba6 12. c4 Nbd7 13. Ne5 Rc8 14. f4 g6 15. a4
Bb4 16. Ndf3 Qe7 17. Ng5 Ne8 18. cxd5 Bxd3 19. Qxd3 Nxe5 20. dxe5 Qc5+ 21. Kh1
Qxd5 22. Qh3 h5 23. Rfd1 Qc6 24. Rac1 Qb7 25. Rxc8 Qxc8 26. Rc1 Qd8 27. Ne4 Ng7
28. Qf3 Nf5 29. Rd1 Qc7 30. Rc1 Qd8 31. Rd1 1/2-1/2

[Event "14th Dubai Open 2012"]
[Site "Dubai UAE"]
[Date "2012.04.18"]
[Round "4.4"]
[White "Lalith, Babu M.R."]
[Black "Akopian, Vladimir"]
[Result "0-1"]
[WhiteTitle "IM"]
[BlackTitle "GM"]
[WhiteElo "2532"]
[BlackElo "2684"]
[WhiteFideId "5024595"]
[BlackFideId "13300032"]
[EventDate "2012.04.15"]

1. Nf3 Nf6 2. c4 e6 3. Nc3 Bb4 4. Qc2 O-O 5. a3 Bxc3 6. Qxc3 d6 7. e3 e5 8. b4
e4 9. Nd4 c5 10. Nb3 b6 11. d4 exd3 12. Bxd3 Bb7 13. O-O Nbd7 14. Bb2 Re8 15. f3
Ne5 16. e4 Nh5 17. Rf2 f5 18. exf5 Nxd3 19. Qxd3 Nf4 20. Qc3 Qg5 21. Kh1 Re7 22.
f6 Re6 23. Re1 Rae8 24. Rxe6 Rxe6 25. bxc5 bxc5 26. fxg7 Nxg2 27. Bc1 Ne3 28.
Bxe3 Rxe3 29. Qd2 Qe5 0-1

[Event "14th Dubai Open 2012"]
[Site "Dubai UAE"]
[Date "2012.04.18"]
[Round "4.5"]
[White "Grigoryan, Karen H."]
[Black "Iordachescu, Viorel"]
[Result "0-1"]
[WhiteTitle "IM"]
[BlackTitle "GM"]
[WhiteElo "2510"]
[BlackElo "2644"]
[WhiteFideId "13301004"]
[BlackFideId "13900200"]
[EventDate "2012.04.15"]

1. e4 e5 2. Nf3 Nc6 3. Bc4 Nf6 4. Ng5 d5 5. exd5 Na5 6. Bb5+ c6 7. dxc6 bxc6 8.
Be2 h6 9. Nh3 Rb8 10. d3 Be7 11. Nd2 O-O 12. Nb3 c5 13. O-O Nc6 14. Kh1 Nd5 15.
Ng1 f5 16. Re1 Bb7 17. Bf3 g5 18. h3 a5 19. Ne2 Qd7 20. Ng3 a4 21. Nd2 Nd4 22.
c3 Nxf3 23. Nxf3 Nf4 24. Nxe5 Qd5 25. f3 Bd6 26. d4 Ne6 27. Nh5 Bc7 28. Be3 cxd4
29. cxd4 Qb5 30. Bg1 Bd5 31. Ng6 Rf7 32. Ne5 Rff8 33. Re2 Qe8 34. Ng3 Nf4 35.
Re1 Ba5 36. Re3 Nxg2 37. Kxg2 f4 38. Re2 fxg3 39. Qd3 Bc7 40. Ng4 Rxb2 41. Rxb2
Rxf3 42. Qxf3 Bxf3+ 43. Kxf3 Qc6+ 44. Ke2 Qc4+ 45. Kd2 Ba5+ 0-1

[Event "14th Dubai Open 2012"]
[Site "Dubai UAE"]
[Date "2012.04.18"]
[Round "4.9"]
[White "Miroshnichenko, Evgenij"]
[Black "Shyam, Nikil P."]
[Result "1-0"]
[WhiteTitle "GM"]
[BlackTitle "IM"]
[WhiteElo "2624"]
[BlackElo "2490"]
[WhiteFideId "14102595"]
[BlackFideId "5024218"]
[EventDate "2012.04.15"]

1. Nf3 Nf6 2. g3 d5 3. Bg2 c6 4. c4 dxc4 5. O-O Nbd7 6. Na3 Nb6 7. Qc2 Qd5 8.
Ne1 Qh5 9. Nxc4 Qxe2 10. Nxb6 axb6 11. Bxc6+ Nd7 12. Bf3 Qb5 13. d4 e6 14. a4
Qa5 15. d5 Ne5 16. Bg2 Bd6 17. Bf4 O-O 18. Nd3 Nxd3 19. Bxd6 Rd8 20. Be7 Re8 21.
d6 Ne5 22. b4 Qxb4 23. d7 Qxe7 24. dxe8=Q+ Qxe8 25. Qc7 f6 26. Rfd1 Nf7 27. Qxb6 1-0

[Event "14th Dubai Open 2012"]
[Site "Dubai UAE"]
[Date "2012.04.18"]
[Round "4.10"]
[White "Swapnil, S. Dhopade"]
[Black "Volkov, Sergey"]
[Result "1/2-1/2"]
[WhiteTitle "IM"]
[BlackTitle "GM"]
[WhiteElo "2426"]
[BlackElo "2623"]
[WhiteFideId "5019184"]
[BlackFideId "4122763"]
[EventDate "2012.04.15"]

1. d4 d5 2. c4 c6 3. Nc3 Nf6 4. e3 a6 5. Nf3 b5 6. b3 Bg4 7. Qc2 e6 8. Ne5 Bf5
9. Bd3 Bxd3 10. Nxd3 Nbd7 11. O-O Qc7 12. Ne2 Rc8 13. Bb2 dxc4 14. bxc4 Nb6 15.
Ne5 Nfd7 16. c5 Na4 17. f4 Be7 18. Rae1 Nxb2 19. Qxb2 O-O 20. a4 Rb8 21. Qc2 Nf6
22. axb5 axb5 23. Ra1 Ra8 24. Qb3 Qb7 25. Rxa8 Qxa8 26. f5 exf5 27. Rxf5 Bxc5
28. Nxf7 Rxf7 29. Rxc5 Qa5 30. Nc3 Qa1+ 31. Nb1 Qa5 32. Nc3 Qa1+ 33. Nb1 g6 34.
Rxc6 Kg7 35. Rc2 Qa5 36. Nd2 b4 37. h3 Qa1+ 38. Kh2 Rb7 39. Nf3 Qa3 40. Rb2 Qxb3
41. Rxb3 Ne4 42. Ne5 Nd2 43. Rd3 b3 44. Rxd2 b2 45. Rxb2 Rxb2 46. Kg3 Kf6 47.
Kf3 g5 48. Nc4 Rc2 49. Nd6 Ke6 50. Ne4 h6 51. Nf2 Ra2 52. Ng4 h5 53. Nf2 h4 54.
Ng4 Rd2 55. Nf2 Ra2 56. Ne4 Kf5 57. Nf2 1/2-1/2

[Event "14th Dubai Open 2012"]
[Site "Dubai UAE"]
[Date "2012.04.18"]
[Round "4.13"]
[White "Baklan, Vladimir"]
[Black "Petrosian, Davit G."]
[Result "1-0"]
[WhiteTitle "GM"]
[BlackTitle "GM"]
[WhiteElo "2612"]
[BlackElo "2463"]
[WhiteFideId "14102196"]
[BlackFideId "13301349"]
[EventDate "2012.04.15"]

1. e4 e6 2. d4 d5 3. Nd2 Nf6 4. Bd3 c5 5. e5 Nfd7 6. c3 Nc6 7. Ne2 cxd4 8. cxd4
f6 9. exf6 Nxf6 10. O-O Bd6 11. Nf3 Qc7 12. Nc3 a6 13. Be3 O-O 14. Rc1 h6 15.
Bb1 Qf7 16. Ne2 Ng4 17. h3 Nxe3 18. fxe3 g5 19. e4 dxe4 20. Bxe4 Ne7 21. Qb3 Qg7
22. Qb6 Bb8 23. Ne5 Ba7 24. Rxf8+ Qxf8 25. Qc7 Bb8 26. Qa5 Nf5 27. Bxf5 Bxe5 28.
Bh7+ Kxh7 29. Qxe5 Bd7 30. Rc7 1-0

[Event "14th Dubai Open 2012"]
[Site "Dubai UAE"]
[Date "2012.04.18"]
[Round "4.17"]
[White "Gupta, Abhijeet"]
[Black "El Arousy, Abdul Hameed"]
[Result "1-0"]
[WhiteTitle "GM"]
[BlackTitle "IM"]
[WhiteElo "2643"]
[BlackElo "2327"]
[WhiteFideId "5010608"]
[BlackFideId "10600086"]
[EventDate "2012.04.15"]

1. d4 d5 2. c4 c6 3. Nf3 Nf6 4. Nc3 dxc4 5. a4 e6 6. e3 c5 7. Bxc4 cxd4 8. Nxd4
a6 9. O-O Bc5 10. Qe2 O-O 11. Rd1 Qe7 12. e4 e5 13. Nf3 h6 14. Be3 Bg4 15. Rd2
Nc6 16. Nd5 Nxd5 17. exd5 Bxf3 18. Qxf3 Na7 19. d6 Bxd6 20. Rad1 Nc8 21. Ba2 e4
22. Qf5 a5 23. g3 Ra6 24. Bc4 Ra8 25. Bxh6 Bb4 26. Rd7 Nd6 27. R1xd6 1-0

[Event "14th Dubai Open 2012"]
[Site "Dubai UAE"]
[Date "2012.04.18"]
[Round "4.22"]
[White "Ghaem Maghami, Ehsan"]
[Black "Deshmukh, Anup"]
[Result "1-0"]
[WhiteTitle "GM"]
[BlackTitle "IM"]
[WhiteElo "2581"]
[BlackElo "2269"]
[WhiteFideId "12500739"]
[BlackFideId "5000564"]
[EventDate "2012.04.15"]

1. c4 Nf6 2. Nc3 g6 3. g3 Bg7 4. Bg2 O-O 5. d4 c6 6. e4 d6 7. Nge2 Nbd7 8. O-O
a6 9. f4 Rb8 10. e5 Ne8 11. Be3 f6 12. e6 Nb6 13. Qb3 d5 14. cxd5 Nd6 15. f5
cxd5 16. g4 Nbc4 17. Nxd5 b5 18. Nb4 Qb6 19. Nc6 Rb7 20. Nf4 Nxe3 21. Qxe3 Bh6
22. Kh1 Rc7 23. Nd5 Bxe3 24. Nxb6 Bb7 25. Nd5 Bxc6 26. Nxc7 Bxg2+ 27. Kxg2 Rc8
28. Nd5 Rc2+ 29. Kf3 Bxd4 30. Rad1 Be5 31. Rf2 Rc5 32. fxg6 hxg6 33. Nxe7+ Kg7
34. Rfd2 Nc4 35. Rd7 1-0

[Event "14th Dubai Open 2012"]
[Site "Dubai UAE"]
[Date "2012.04.18"]
[Round "4.24"]
[White "Evdokimov, Alexander A."]
[Black "Antonio, Viani D'cunha"]
[Result "1/2-1/2"]
[WhiteTitle "GM"]
[WhiteElo "2555"]
[BlackElo "2253"]
[WhiteFideId "4139275"]
[BlackFideId "5027330"]
[EventDate "2012.04.15"]

1. d4 f5 2. c4 Nf6 3. g3 g6 4. Bg2 Bg7 5. Nh3 d6 6. O-O O-O 7. d5 Na6 8. Nc3 Nc5
9. Nf4 e5 10. dxe6 c6 11. Rb1 Qe7 12. b4 Nce4 13. Bb2 Bxe6 14. Nxe4 fxe4 15.
Nxe6 Qxe6 16. Qb3 Rf7 17. Rbd1 Raf8 18. f3 Nd7 19. Bxg7 Kxg7 20. Rd4 Nf6 21.
Rfd1 exf3 22. exf3 d5 23. Qc3 dxc4 24. Re4 Qc8 25. Rxc4 Rd7 26. Re1 Qd8 27. Bf1
Kg8 28. Qb3 Nd5 29. Rce4 Qf6 30. Bh3 Rd6 31. f4 Kg7 32. Re5 Qd8 33. a3 Qb6+ 34.
Kh1 Qd4 35. Bg2 Rf7 36. Rd1 Qf2 37. Bxd5 cxd5 38. Rexd5 Rfd7 39. h4 Rxd5 40.
Rxd5 Qf1+ 41. Kh2 Qe2+ 42. Kg1 Qe1+ 43. Kh2 Qe2+ 44. Kg1 1/2-1/2

[Event "14th Dubai Open 2012"]
[Site "Dubai UAE"]
[Date "2012.04.18"]
[Round "4.25"]
[White "Dilanyan, Grigor"]
[Black "Grover, Sahaj"]
[Result "1/2-1/2"]
[BlackTitle "IM"]
[WhiteElo "2276"]
[BlackElo "2517"]
[WhiteFideId "13303570"]
[BlackFideId "5021103"]
[EventDate "2012.04.15"]

1. d4 e6 2. c4 Nf6 3. Nf3 d5 4. g3 dxc4 5. Bg2 c6 6. O-O b5 7. Nc3 Bb7 8. Bg5
Be7 9. e4 h6 10. Bxf6 Bxf6 11. b3 cxb3 12. Qxb3 O-O 13. a4 a6 14. Rfd1 Nd7 15.
e5 Be7 16. Nd2 Qb6 17. Rab1 Rab8 18. Nce4 Ba8 19. Qc3 c5 20. Nc4 Qc7 21. Ncd6
Bxe4 22. Nxe4 c4 23. axb5 axb5 24. d5 exd5 25. Rxd5 b4 26. Qd4 Nb6 27. Rb5 Rfd8
28. Nd6 Bxd6 29. exd6 Rxd6 30. Qf4 b3 31. Rc1 Rbd8 32. Bf1 Qc6 33. Rxb3 Rd1 34.
Rxd1 Rxd1 35. Qb8+ Nc8 36. Rc3 Kh7 37. Qb2 Qe4 38. Qc2 Qxc2 39. Rxc2 Nd6 40. Kg2
Rd4 41. Kf3 Kg6 42. Ke3 Nf5+ 43. Kf3 Nd6 44. Ke3 Re4+ 45. Kf3 f5 46. Kg2 Kf6 47.
f3 Rd4 48. Kf2 Ke5 49. Ke3 f4+ 50. gxf4+ Rxf4 51. Ra2 Nf5+ 52. Kf2 Kd4 53. Bxc4
Rh4 54. Be2 Rxh2+ 55. Kg1 Rh4 56. Kf2 Ke5 57. Ra5+ Kf6 58. Bd3 Nd4 59. Kg3 Rh1
60. Ra6+ Ne6 61. Bc4 Re1 62. Kf2 Re5 63. f4 Re4 64. Bd5 Rxf4+ 65. Kg3 Ke5 66.
Bxe6 Rf6 67. Bc4 Rxa6 1/2-1/2

[Event "14th Dubai Open 2012"]
[Site "Dubai UAE"]
[Date "2012.04.19"]
[Round "5.3"]
[White "Iordachescu, Viorel"]
[Black "Kuzubov, Yuriy"]
[Result "1/2-1/2"]
[WhiteTitle "GM"]
[BlackTitle "GM"]
[WhiteElo "2644"]
[BlackElo "2615"]
[WhiteFideId "13900200"]
[BlackFideId "14112906"]
[EventDate "2012.04.15"]

1. e4 e6 2. d4 d5 3. Nc3 Nc6 4. Be3 Nge7 5. f3 b6 6. Qd2 Bb7 7. O-O-O Qd7 8. h4
O-O-O 9. Nh3 Kb8 10. Qf2 Nc8 11. Nf4 Na5 12. Bb5 Bc6 13. Bd3 Nd6 14. Kb1 Ndc4
15. Bc1 Bb4 16. Nce2 Be7 17. exd5 exd5 18. g4 g6 19. h5 Rde8 20. hxg6 hxg6 21.
Qg2 Bf6 22. Rxh8 Rxh8 23. Rh1 Qd8 24. c3 Nd6 25. Rxh8 Qxh8 26. b3 Nab7 27. Kc2
Nd8 28. Ba3 Be7 29. Bc1 Qh4 30. Bd2 Bb7 31. Qg1 1/2-1/2

[Event "14th Dubai Open 2012"]
[Site "Dubai UAE"]
[Date "2012.04.19"]
[Round "5.4"]
[White "Baklan, Vladimir"]
[Black "Petrosian, Tigran L."]
[Result "1/2-1/2"]
[WhiteTitle "GM"]
[BlackTitle "GM"]
[WhiteElo "2612"]
[BlackElo "2643"]
[WhiteFideId "14102196"]
[BlackFideId "13301616"]
[EventDate "2012.04.15"]

1. e4 e5 2. Nf3 Nc6 3. Bb5 Nf6 4. O-O Nxe4 5. Re1 Nd6 6. Nxe5 Be7 7. Bf1 Nf5 8.
Nf3 O-O 9. d4 d5 10. g3 Re8 11. Nc3 Be6 12. h4 Bb4 13. a3 Bxc3 14. bxc3 Nd6 15.
Bf4 Qd7 16. Bxd6 Qxd6 17. Ng5 Bf5 18. Qf3 Qd7 19. Bd3 Bxd3 20. Qxd3 g6 21. Kg2
a6 22. h5 Qg4 23. hxg6 hxg6 24. Nf3 Kg7 25. Rh1 Rh8 26. c4 Qe4 27. Qc3 Rxh1 28.
Rxh1 Rh8 29. Rxh8 Kxh8 30. cxd5 Qxd5 31. Qe3 Kg7 32. Kg1 b5 33. c3 Qf5 34. Ne5
Ne7 35. c4 Qb1+ 36. Kg2 Nf5 37. Qf3 bxc4 38. Qd5 Nd6 39. Nxc4 Qb5 40. Qxb5 Nxb5
41. d5 Nc3 42. d6 cxd6 1/2-1/2

[Event "14th Dubai Open 2012"]
[Site "Dubai UAE"]
[Date "2012.04.19"]
[Round "5.5"]
[White "Mchedlishvili, Mikheil"]
[Black "Pantsulaia, Levan"]
[Result "1/2-1/2"]
[WhiteTitle "GM"]
[BlackTitle "GM"]
[WhiteElo "2626"]
[BlackElo "2595"]
[WhiteFideId "13600966"]
[BlackFideId "13602071"]
[EventDate "2012.04.15"]

1. e4 c6 2. d4 d5 3. Nc3 dxe4 4. Nxe4 Bf5 5. Ng3 Bg6 6. h4 h6 7. Nf3 Nd7 8. h5
Bh7 9. Bd3 Bxd3 10. Qxd3 e6 11. Bd2 Ngf6 12. O-O-O Be7 13. Ne4 Nxe4 14. Qxe4 Nf6
15. Qe2 Qd5 16. c4 Qe4 17. Qxe4 Nxe4 18. Be3 O-O 19. Ne5 Rfd8 20. Kc2 Nf6 21. f3
Nd7 22. Rd3 Nxe5 23. dxe5 Rxd3 24. Kxd3 Rd8+ 25. Ke2 a6 26. b3 Kf8 27. Bb6 Rd7
28. Rd1 Rxd1 29. Kxd1 Ke8 30. Ke2 Kd7 1/2-1/2

[Event "14th Dubai Open 2012"]
[Site "Dubai UAE"]
[Date "2012.04.19"]
[Round "5.6"]
[White "Miroshnichenko, Evgenij"]
[Black "Sandipan, Chanda"]
[Result "1/2-1/2"]
[WhiteTitle "GM"]
[BlackTitle "GM"]
[WhiteElo "2624"]
[BlackElo "2595"]
[WhiteFideId "14102595"]
[BlackFideId "5004225"]
[EventDate "2012.04.15"]

1. d4 d5 2. c4 c6 3. Nf3 Nf6 4. e3 Bf5 5. Nc3 e6 6. Nh4 Be4 7. f3 Bg6 8. Qb3 Qc7
9. Bd2 Be7 10. g3 Nbd7 11. Rc1 Rc8 12. Kf2 O-O 13. Nxg6 hxg6 14. cxd5 Nxd5 15.
Be2 Nxc3 16. bxc3 c5 17. Rb1 b6 18. Rhd1 e5 19. Ba6 Rcd8 20. Rbc1 Nb8 21. Be2
Nc6 22. dxe5 Nxe5 23. c4 Bf6 24. Be1 Nc6 25. Rxd8 Rxd8 26. Rd1 Re8 27. Rd3 Qc8
28. Qd1 Qe6 29. Kg2 Qxc4 30. Qb3 Qxb3 31. axb3 g5 32. Kf2 Rd8 33. Rxd8+ Nxd8 34.
f4 gxf4 35. exf4 Kf8 36. Ke3 Ke7 37. g4 Nb7 38. Ke4 Kd6 39. g5 Bd4 40. b4 a5 41.
bxa5 Nxa5 42. Bxa5 bxa5 43. h4 1/2-1/2